Statistics for Landmark by Underwhelming Description

Click here to take the quiz!

General Stats

  • This quiz has been taken 28 times
  • The average score is 9 of 10

Answer Stats

DescriptionLandmark% Correct
Clock on a towerBig Ben
100%
Rocks in a circleStonehenge
100%
Massive wallGreat Wall of China
96%
Tower falling overLeaning Tower of Pisa
96%
Bronze ladyStatue of Liberty
93%
Big Jesus statueChrist the Redeemer
89%
Glorified Opera HouseSydney Opera House
89%
Tall, pointy metal towerEiffel Tower
86%
Weird red bridgeGolden Gate Bridge
86%
Stone heads on a hillMoai
32%

Score Distribution

Percentile by Number Answered

Percent of People with Each Score

Your Score History

You have not taken this quiz